|
|
|
|
| LEADER |
00816cam a2200289 7i4500 |
| 001 |
0000036801 |
| 005 |
20220513090000.0 |
| 007 |
ta |
| 008 |
220303t2012 eng |
| 020 |
|
|
|a 9781250777881
|
| 040 |
|
|
|a MATR
|
| 090 |
0 |
0 |
|a FI 823.914
|b BAR
|
| 100 |
1 |
|
|e Bardugo, Leigh
|e author
|
| 245 |
1 |
0 |
|a SHADOW AND BONE
|c Leigh Bardugo.
|
| 264 |
|
0 |
|a New York:
|b Imprint,
|c 2012.
|
| 300 |
|
|
|a 358 pages;
|c cm.
|
| 336 |
|
|
|a text
|2 rdacontent
|
| 337 |
|
|
|a unmediated
|2 rdamedia
|
| 338 |
|
|
|a volume
|2 rdacarrier
|
| 500 |
|
|
|a Screen adaption
|
| 650 |
|
0 |
|a Orphans --
|x Fiction
|
| 650 |
|
0 |
|a Fantasy
|
| 650 |
|
0 |
|a Magic --
|x Fiction
|
| 650 |
|
0 |
|a Ability --
|x Fiction
|
| 650 |
|
0 |
|a Monsters --
|x Fiction
|
| 650 |
|
0 |
|a English fiction
|
| 999 |
|
|
|a B000041710
|b Book
|c Book
|e Business Information Centre
|